| 000 | 01776nam a22003617a 4500 | ||
|---|---|---|---|
| 999 |
_c29215 _d29186 |
||
| 003 | EG-ScBUE | ||
| 005 | 20210627114623.0 | ||
| 008 | 210627s2019 ua f b 000 0 ara d | ||
| 017 | _a2018/21489 | ||
| 020 | _a9789770488287 | ||
| 040 |
_aEG-ScBUE _bara _erda _cEG-ScBUE _dEG-ScBUE |
||
| 043 |
_af-ua--- _aa-fr--- |
||
| 082 | 0 | 4 |
_a340.56 _bد م ي _222 |
| 100 | 1 |
_aالدمياطي، تامر محمد سليمان، _eمؤلف. |
|
| 245 | 1 | 0 |
_aتنفيذ الالتزام التعاقدي على نفقة المدين : _bدراسة مقارنة في القانون المصري والفرنسي مع ملحق لأحدث التعديلات في القانون المدني لبفرنسي بموجب المرسوم الصادر في 10 فبراير 2016 م / _cدكتور تامر محمد الدمياطي، أستاذ مساعد ورئيس قسم القانون المدني بكلية الشرطة. |
| 264 | 1 |
_aالقاهرة : _bدار النهضة العربية، _c2019. |
|
| 300 |
_a207 صفحة ؛ _c24 سم |
||
| 336 |
_2rdacontent _aنص _btxt |
||
| 337 |
_2rdamedia _aبدون وسيط _bn |
||
| 338 |
_2rdacarrier _aمجلد _bnc |
||
| 500 | _aيشتمل على ملاحق. | ||
| 504 | _aيشتمل على إرجاعات ببليوجرافية. | ||
| 541 |
_cإهداء ؛ _aد. تامر الدمياطي. |
||
| 650 | 7 |
_aالالتزام _zمصر. _2BUEsh |
|
| 650 | 7 |
_aالالتزام _zفرنسا. _2BUEsh |
|
| 650 | 7 |
_aالإثبات (قانون) _zمصر. _2BUEsh |
|
| 650 | 7 |
_aالإثبات (قانون) _zفرنسا. _2BUEsh |
|
| 650 | 7 |
_aالقانون المدني _zمصر. _2BUEsh |
|
| 650 | 7 |
_aالقانون المدني _zفرنسا. _2BUEsh |
|
| 653 |
_bLLAAWW _cJune2021 |
||
| 655 |
_vReading book _934232 |
||
| 942 | _2ddc | ||